Практическое пособие по английскому языку: для студентов физико-математических факультетов

Opis bibliograficzny
1. autor: Сикорская Н. П. Надежда Павловна
Kolejni autorzy: Кованова Т. Ф. Татьяна Федоровна
Streszczenie:Пособие состоит из трех разделов: устные темы, физика и математика. Первый раздел содержит тексты, диалоги и упражнения к ним, направленные на развитие у студентов навыков устной речи; второй - тексты и упражнения по механике, электричеству, электронике, ядерной физике и полупроводникам: третий - тексты по алгебре, геометрии, математическому анализу, включая дифференциальные уравнения и функции комплексной переменной. Тексты по физике и математике подобраны из оригинальной английской и американской научной литературы. Содержащиеся в пособии материалы имеют своей целью научить студентов читать и переводить литературу по специальности, выработать v них навыки устной речи. Пособие предназначено для студентов физических и математических факультетов университетов и педагогических институтов. Может быть использовано в любом техническом вузе.
Język:rosyjski
angielski
Wydane: Минск, Изд-во Белорусского ГУ, 1969
Hasła przedmiotowe:
Format: Książka
KOHA link:https://koha.lib.tpu.ru/cgi-bin/koha/opac-detail.pl?biblionumber=52552

MARC

LEADER 00000nam0a2200000 4500
001 52552
005 20231031041809.0
035 |a (RuTPU)RU\TPU\book\55072 
090 |a 52552 
100 |a 20030602d1969 m y0rusy50 ca 
101 0 |a rus  |a eng 
102 |a BY 
105 |a a j 000zy 
200 1 |a Практическое пособие по английскому языку  |e для студентов физико-математических факультетов  |f Н. П. Сикорская, Т. Ф. Кованова 
210 |a Минск  |c Изд-во Белорусского ГУ  |d 1969 
215 |a 239 с. 
330 |a Пособие состоит из трех разделов: устные темы, физика и математика. Первый раздел содержит тексты, диалоги и упражнения к ним, направленные на развитие у студентов навыков устной речи; второй - тексты и упражнения по механике, электричеству, электронике, ядерной физике и полупроводникам: третий - тексты по алгебре, геометрии, математическому анализу, включая дифференциальные уравнения и функции комплексной переменной. Тексты по физике и математике подобраны из оригинальной английской и американской научной литературы. Содержащиеся в пособии материалы имеют своей целью научить студентов читать и переводить литературу по специальности, выработать v них навыки устной речи. Пособие предназначено для студентов физических и математических факультетов университетов и педагогических институтов. Может быть использовано в любом техническом вузе. 
610 1 |a английский язык 
610 1 |a грамматика 
610 1 |a лексика 
610 1 |a разговорная речь 
610 1 |a письменная речь 
610 1 |a учебные пособия 
686 |a Ш 143.21-923  |v LBC/SL-A  |2 rubbk 
700 1 |a Сикорская  |b Н. П.  |g Надежда Павловна 
701 1 |a Кованова  |b Т. Ф.  |g Татьяна Федоровна 
801 1 |a RU  |b 63413507  |c 20030602  |g PSBO 
801 2 |a RU  |b 63413507  |c 20221109  |g PSBO 
942 |c BK